000 00489nam a2200121Ia 4500
008 171212s9999 xx 000 0 und d
020 _a9780833077844
100 _aAsch, Beth J.;Winkler, John D.
245 _cAsch, Beth J.;Winkler, John D.
_aEnsuring Language Capability in the Intelligence Community
_bWhat Factors Affect the Best Mix of Military, Civilians, and Contractors?
260 _bRAND Corporation
_c2013
650 _aHistory
856 _uwww.jstor.org/stable/10.7249/j.ctt4cgdt7
999 _c352014
_d352014